00493nam a22001697a 450000500170000001000150001702000260003203500140005803700090007208200140008110000200009524500540011525000060016926000410017527000880021630000190030420260114121916.0 aENG-147449 a9789371362917c849.00 aEN-130981 bDBAD a342.5421 aHarshmeet Singh aReady Reckoner to Indian Polity/cHarshmeet Singh a1 aNoidabPearson India Educationc2026 a15th Floor, Towe-B, World Trade Tower, Plot No.1, Block-C, Sector-16bNoidae201301 avpp.c23cm(pb)